Music Quiz

Random Music or Song Quiz

Rolling Stone Top 500 Songs Memory Challenge Quiz Stats

Quiz not verified by Sporcle

Challenge
Share
Tweet
Embed
Score 0/120 Timer 12:00
0 Plays Today
Song Title Yes or No % Correct
Johnny B. Goode???
84.5%
Sweet Child O' Mine???
84.5%
Bridge Over Troubled Water???
84.5%
Hound Dog???
83.8%
Smells Like Teen Spirit???
83.8%
Superstition???
83.8%
Hotel California???
83.1%
Respect???
83.1%
Ring of Fire???
83.1%
Light My Fire???
82.4%
Bohemian Rhapsody???
82.4%
Let It Be???
81.7%
Stairway to Heaven???
81.7%
Purple Haze???
80.3%
Layla???
80.3%
Stand By Me???
80.3%
My Girl???
79.6%
More Than Words???
78.9%
Piano Man???
78.9%
House of the Rising Sun???
78.9%
Purple Rain???
78.9%
Free Bird???
78.2%
(Sittin' On) The Dock of a Bay???
78.2%
London Calling???
78.2%
Knights of Cydonia???
77.5%
Suspicious Minds???
77.5%
Smoke On the Water???
77.5%
Beat It???
76.8%
Holy Diver???
76.8%
Fire On the Mountain???
76.8%
Classical Gas???
76.8%
Brown Sugar???
76.1%
Oh Pretty Woman???
76.1%
Holding Out For a Hero???
76.1%
Making Love Out of Nothing At All???
76.1%
Go Your Own Way???
76.1%
The Trooper???
75.4%
Eruption???
74.6%
Dream On???
74.6%
Close My Eyes Forever???
73.9%
Song Title Yes or No % Correct
Pancho and Lefty???
73.9%
Born to Be Wild???
73.9%
That's Amore???
73.2%
Angel of the Morning???
73.2%
Wheel In the Sky???
73.2%
Me and Bobby McGee???
72.5%
Cover of a Rolling Stone???
72.5%
I Still Haven't Found What I'm Looking For???
72.5%
Kentucky Rain???
71.8%
My Heart Will Go On???
71.1%
Unchained Melody???
69.7%
Still of the Night???
69.7%
I'd Do Anything For Love (But I Won't Do That)???
69.7%
Maggie May???
69.7%
Take My Breath Away???
69.7%
She's a Lady???
69.7%
Rebel Yell???
69%
You've Lost That Lovin' Feelin'???
69%
Rock You Like a Hurricane???
68.3%
Can't Fight This Feeling???
67.6%
Chantilly Lace???
66.9%
Crazy On You???
66.9%
War Pigs???
66.2%
25 or 6 to 4???
66.2%
Photograph???
66.2%
Total Eclipse of the Heart???
65.5%
Every Rose Has Its Thorn???
65.5%
Nothing Else Matters???
65.5%
Lyin' Eyes???
65.5%
That'll Be the Day???
65.5%
Tears In Heaven???
65.5%
Cat's In the Cradle???
65.5%
Eye of the Tiger???
65.5%
Free Fallin'???
64.8%
Babe I'm Gonna Leave You???
64.8%
Heartbreaker???
64.8%
Somebody to Love???
64.1%
Aqualung???
64.1%
Pride and Joy???
64.1%
Whiter Shade of Pale???
63.4%
Song Title Yes or No % Correct
White Room???
63.4%
Paranoid???
63.4%
Reach Out (I'll Be There)???
63.4%
Candle In the Wind???
62%
Dust In the Wind???
61.3%
Dancing Queen???
61.3%
Carry On Wayward Son???
61.3%
Master of Puppets???
61.3%
Summer of 69???
60.6%
Jolene???
59.9%
Old Time Rock and Roll???
59.9%
The Devil Went Down to Georgia???
59.2%
Runaway Train???
58.5%
Man In the Mirror???
57%
On the Road Again???
56.3%
Crazy Train???
56.3%
In a Gadda Da Vida???
56.3%
Landslide???
56.3%
A Boy Named Sue???
53.5%
In the Ghetto???
52.8%
November Rain???
52.8%
Livin' On a Prayer???
51.4%
Whipping Post???
51.4%
Sweet Caroline???
50%
One???
50%
Rocketman???
49.3%
L.A. Woman???
47.9%
Crossroads???
47.2%
I Will Always Love You???
46.5%
You Shook Me All Night Long???
45.1%
Don't Stop Believing???
44.4%
I Want to Know What Love Is???
43.7%
Money???
43%
Black Magic Woman???
39.4%
Revolution???
38.7%
Like a Virgin???
35.9%
Ramblin' Man???
33.1%
What a Wonderful World???
33.1%
American Pie???
31%
Have You Ever Seen the Rain???
28.9%

You're not logged in!

Compare scores with friends on all Sporcle quizzes.
Sign Up with Email
OR
Log In

You Might Also Like...

Show Comments

Extras

Top Quizzes Today


Score Distribution

Your Account Isn't Verified!

In order to create a playlist on Sporcle, you need to verify the email address you used during registration. Go to your Sporcle Settings to finish the process.

Report this User

Report this user for behavior that violates our Community Guidelines.

Details: